[Event "GER-chT U20 Girls"]
[Site "Magdeburg"]
[Date "2010.12.28"]
[Round "4.3"]
[White "Mijatovic, Andrea"]
[Black "Muench, Marlene"]
[Result "1-0"]
[WhiteElo "1780"]
[BlackElo "1668"]
[PlyCount "69"]
[EventDate "2010.12.27"]
[EventType "team-swiss"]
[EventRounds "7"]
[EventCountry "GER"]
[SourceTitle "CBM 140 Extra"]
[Source "ChessBase"]
[SourceDate "2011.03.01"]
[SourceVersion "1"]
[SourceVersionDate "2011.03.01"]
[SourceQuality "1"]
[WhiteTeam "Stuttgart Wolfbusch"]
[BlackTeam "Stetten"]
[WhiteTeamCountry "GER"]
[BlackTeamCountry "GER"]

1. e4 e6 2. d4 d5 3. exd5 exd5 4. Nf3 Bd6 5. c4 Nf6 6. Nc3 c6 7. h3 0-0 8. Bd3 dxc4 9. Bxc4 Nbd7 10. 0-0 Nb6 11. Bd3 Be6 12. Bg5 Nbd7 13. Re1 Qa5 14. Bd2 Qb6 15. Qc2 Rfd8 16. Ng5 Nf8 17. Nce4 Be7 18. Nxf6+ Bxf6 19. Bxh7+ Kh8 20. Bf5 Bd5 21. Be4 Be6 22. d5 cxd5 23. Bf5 Bxg5 24. Bxg5 Rdc8 25. Qd3 Rc7 26. Re2 Qb4 27. Qf3 Bxf5 28. Qxf5 Qb5 29. Rae1 Qc6 30. Re7 Rxe7 31. Rxe7 f6 32. Be3 a6 33. Qh5+ Nh7 34. Qg6 Rg8 35. Bh6 1-0

[Event "GER-chT U20 Girls"]
[Site "Magdeburg"]
[Date "2010.12.27"]
[Round "2.3"]
[White "Muench, Marlene"]
[Black "Tran, My Linh"]
[Result "1-0"]
[WhiteElo "1668"]
[BlackElo "1927"]
[PlyCount "44"]
[EventDate "2010.12.27"]
[EventType "team-swiss"]
[EventRounds "7"]
[EventCountry "GER"]
[SourceTitle "CBM 140 Extra"]
[Source "ChessBase"]
[SourceDate "2011.03.01"]
[SourceVersion "1"]
[SourceVersionDate "2011.03.01"]
[SourceQuality "1"]
[WhiteTeam "Stetten"]
[BlackTeam "Rossdorf"]
[WhiteTeamCountry "GER"]
[BlackTeamCountry "GER"]

1. d4 Nf6 2. Nc3 e6 3. Bg5 Be7 4. e4 Nxe4 5. Bxe7 Nxc3 6. Qg4 Qxe7 7. Qxg7 Rf8 8. bxc3 Qa3 9. Kd2 Qb2 10. Re1 Qxa2 11. Qxh7 Nc6 12. Nf3 a5 13. Bd3 a4 14. Ng5 Qd5 15. Ne4 f6 16. Qg7 f5 17. Nf6+ Rxf6 18. Qxf6 Ra5 19. Be2 f4 20. Bd3 Ne7 21. Bg6+ Nxg6 22. Qxg6+ Ke7 1-0

[Event "GER-ch U25 op"]
[Site "Willingen"]
[Date "2008.05.16"]
[Round "8"]
[White "Reksten, Daniel"]
[Black "Muench, Marlene"]
[Result "1/2-1/2"]
[WhiteElo "1400"]
[BlackElo "1674"]
[PlyCount "74"]
[EventDate "2008.05.11"]
[EventType "swiss"]
[EventRounds "9"]
[EventCountry "GER"]
[SourceTitle "CBM 124 Extra"]
[Source "ChessBase"]
[SourceDate "2008.07.03"]
[SourceVersion "1"]
[SourceVersionDate "2008.07.03"]
[SourceQuality "1"]

1. e4 e6 2. d4 d5 3. e5 c5 4. c3 Nc6 5. Nf3 cxd4 6. cxd4 f6 7. Bb5 Bd7 8. exf6 Nxf6 9. 0-0 Bd6 10. Re1 0-0 11. Bg5 Qc7 12. Nc3 Ng4 13. h3 Bh2+ 14. Kf1 Nxf2 15. Kxf2 Qg3+ 16. Kf1 Qxg5 17. Na4 Bd6 18. Rc1 Qf6 19. Bxc6 Bxc6 20. Nc5 Bxc5 21. Rxc5 a6 22. Kg1 Rac8 23. Rc1 Rc7 24. b3 Rfc8 25. Ne5 Bb5 26. Qd2 Qf5 27. Rxc7 Rxc7 28. Rc1 Re7 29. Rc8+ Re8 30. Qc3 Qf8 31. Rc7 Qf1+ 32. Kh2 Rf8 33. Qg3 Qf6 34. Rxb7 g6 35. Ng4 Qf4 36. Ne5 g5 37. Re7 Rf6 1/2-1/2

[Event "GER-ch U18 Girls"]
[Site "Willingen"]
[Date "2007.05.31"]
[Round "8"]
[White "Mucha, Annegret"]
[Black "Muench, Marlene"]
[Result "1/2-1/2"]
[WhiteElo "1891"]
[BlackElo "1707"]
[PlyCount "64"]
[EventDate "2007.05.26"]
[EventType "swiss"]
[EventRounds "9"]
[EventCountry "GER"]
[SourceTitle "CBM 118 Extra"]
[Source "ChessBase"]
[SourceDate "2007.07.04"]
[SourceVersion "1"]
[SourceVersionDate "2007.07.04"]
[SourceQuality "1"]

1. e4 e6 2. d4 d5 3. Nc3 Nc6 4. exd5 exd5 5. Bd3 Nxd4 6. Bxh7 Rxh7 7. Qxd4 c6 8. Nf3 Be7 9. 0-0 Bf5 10. Re1 f6 11. Re2 Qd7 12. b4 Bg4 13. Qd3 Bf5 14. Qe3 Nh6 15. h3 Kf7 16. a3 Re8 17. Bb2 g5 18. Nd4 Bg6 19. Rae1 Nf5 20. Nxf5 Bxf5 21. g4 Bg6 22. Nd1 Kf8 23. Qg3 Kf7 24. Qg2 Kg7 25. f3 Bd8 26. Ne3 Bb6 27. Kf1 Rhh8 28. Nd1 Rxe2 29. Rxe2 Re8 30. Rxe8 Qxe8 31. Qd2 Kf7 32. a4 a6 1/2-1/2

[Event "GER-ch U18 Girls"]
[Site "Willingen"]
[Date "2007.05.28"]
[Round "3"]
[White "Muench, Marlene"]
[Black "Gasch, Franziska"]
[Result "1/2-1/2"]
[WhiteElo "1707"]
[BlackElo "1882"]
[PlyCount "88"]
[EventDate "2007.05.26"]
[EventType "swiss"]
[EventRounds "9"]
[EventCountry "GER"]
[SourceTitle "CBM 118 Extra"]
[Source "ChessBase"]
[SourceDate "2007.07.04"]
[SourceVersion "1"]
[SourceVersionDate "2007.07.04"]
[SourceQuality "1"]

1. d4 Nf6 2. c4 g6 3. Nc3 Bg7 4. e4 d6 5. f3 0-0 6. Bg5 h6 7. Be3 e5 8. Nge2 exd4 9. Nxd4 Nc6 10. Qd2 Kh7 11. h4 Nh5 12. Nxc6 bxc6 13. Bd3 Ng3 14. Rh2 f5 15. 0-0-0 Be6 16. Qe1 fxe4 17. Nxe4 Nxe4 18. Bxe4 Qf6 19. Rd2 d5 20. Bb1 Rfe8 21. Qg3 Bf5 22. Bd4 Qd6 23. Qxd6 Re1+ 24. Rd1 Rxd1+ 25. Kxd1 cxd6 26. Bxf5 gxf5 27. Bxg7 Kxg7 28. cxd5 cxd5 29. g3 Rc8 30. Rd2 Rc5 31. Rc2 Kf6 32. Re2 Rc8 33. Ke1 h5 34. f4 Rb8 35. Rc2 Re8+ 36. Re2 Rc8 37. Rd2 Ke6 38. Re2+ Kf7 39. Rd2 Rc4 40. Kd1 Ke6 41. Re2+ Kd7 42. Rd2 Kc6 43. Re2 Kd7 44. Rd2 Ke6 1/2-1/2

[Event "Unterfranken-ch HB 56th"]
[Site "Stetten"]
[Date "2005.04.02"]
[Round "9"]
[White "Hobert, Markus"]
[Black "Muench, Marlene"]
[Result "0-1"]
[WhiteElo "1649"]
[BlackElo "1579"]
[PlyCount "64"]
[EventDate "2005.03.28"]
[EventType "swiss"]
[EventRounds "9"]
[EventCountry "GER"]
[SourceTitle "EXT 2015"]
[Source "ChessBase"]
[SourceDate "2014.11.20"]
[SourceVersion "1"]
[SourceVersionDate "2014.11.20"]
[SourceQuality "1"]

1. d4 e6 2. c4 Nf6 3. Nc3 Bb4 4. Bd2 d6 5. Nf3 0-0 6. e3 c5 7. Bd3 Nc6 8. 0-0 b6 9. Re1 Ba6 10. a3 Bxc3 11. Bxc3 Rc8 12. b4 Ne7 13. b5 Bb7 14. a4 cxd4 15. exd4 d5 16. Nd2 Ng6 17. a5 Nf4 18. Bf1 dxc4 19. Nxc4 Nxg2 20. Bb4 Nxe1 21. Qxe1 Qxd4 22. Ne3 Rfe8 23. Rd1 Qh4 24. Ng2 Qg4 25. Bc3 Nd5 26. Rd4 Qg6 27. Bd3 f5 28. Ba1 Nf4 29. Bf1 Nxg2 30. Qe5 Ne1+ 31. Qg3 Qxg3+ 32. hxg3 Nf3+ 0-1

[Event "Unterfranken-ch HB 56th"]
[Site "Stetten"]
[Date "2005.03.29"]
[Round "3"]
[White "Koehler, Reiner"]
[Black "Muench, Marlene"]
[Result "1/2-1/2"]
[WhiteElo "1738"]
[BlackElo "1579"]
[PlyCount "42"]
[EventDate "2005.03.28"]
[EventType "swiss"]
[EventRounds "9"]
[EventCountry "GER"]
[SourceTitle "EXT 2015"]
[Source "ChessBase"]
[SourceDate "2014.11.20"]
[SourceVersion "1"]
[SourceVersionDate "2014.11.20"]
[SourceQuality "1"]

1. d4 e6 2. Nf3 Nf6 3. Bf4 c5 4. c3 Nc6 5. e3 d6 6. Bd3 b6 7. 0-0 Bb7 8. Bb5 Be7 9. Nbd2 0-0 10. Re1 a6 11. Ba4 b5 12. Bc2 Re8 13. e4 Nh5 14. Bg3 Nxg3 15. hxg3 cxd4 16. cxd4 Rc8 17. a3 Qb6 18. Nb3 Rc7 19. Qd3 g6 20. Rad1 Na5 21. Nxa5 Qxa5 1/2-1/2